| 000 | 01268ngm a22003490a 4500 | ||
|---|---|---|---|
| 001 | PT15501 | ||
| 003 | AR-LpoUNG | ||
| 005 | 20210202000147.0 | ||
| 007 | vd cvaizq | ||
| 008 | 191001s1985||||ag |||||||||||||||||spa d | ||
| 037 | _c$11.66 | ||
| 040 |
_aAR-LpoUNG _bspa _cAR-LpoUNG _eaacr |
||
| 041 | _aspa | ||
| 044 | _aag | ||
| 082 | 0 | _a982.064 261con | |
| 100 | 1 |
_aBarney Finn, Oscar _edir. |
|
| 245 | 1 | 0 | _aContar hasta diez |
| 260 |
_aBuenos Aires : _bBlackman, _cmayo de 1985. |
||
| 300 | _aVHS : son., col. | ||
| 505 | 0 | _aFotografía: Juan Carlos Lenardi. - Hecha en 1985. - Elenco: Oscar Martínez (Ramón Vallejos), Héctor Alterio(El padre), Arturo Maly (Pedro Vallejos) | |
| 520 | _aRamón llega a Buenos Aires para buscar a su hermano desaparecido, abandonando a su padre y esperando noticias de ambos. Su propia identidad es la que está en juego. La historia se desarrolla en la época del proceso militar, a partir del un drama individual se vislumbra la tragedia colectiva de un país. | ||
| 650 | 4 | _aARGENTINA | |
| 650 | 4 | _aDICTADURA | |
| 650 | 4 | _aGOBIERNO MILITAR | |
| 650 | 4 | _aHISTORIA SOCIAL | |
| 650 | 4 | _aSOCIEDAD | |
| 651 | 4 | _aArgentina | |
| 653 | _aCINE ARGENTINO | ||
| 653 | _aVIDEOS | ||
| 905 | _a15501 | ||
| 942 | _cVIDEO | ||
| 999 |
_c54230 _d54230 |
||